00000000nam##2200000za#4500
0019.640074
003CaOODSP
00520210624222507
007cr |||||||||||
008150407|1995||||xxc|||||o    f|0| 0 fre|d
040 |aCaOODSP|bfre
043 |an-cn---
0861 |aSN3-61/1994-1F-PDF
1101 |aCanada.|bBibliothèque nationale du Canada.
24510|aClasse FC : |h[ressource électronique]|bune classification de l'histoire du Canada, deuxième édition. Ajouts et modifications, #1
250 |aDeuxième édition
260 |aOttawa - Ontario : |bBibliothèque nationale du Canada |c1995.
300 |a6p.
500 |a«La deuxième édition [...] constitue une version revue et augmentée de la première édition de cette table parue en 1976. Celle-ci a remplacé beaucoup de systèmes de classification du type Library of Congress utilisés par les bibliothèques canadiennes pour classer l'information dans le domaine de l'histoire du Canada.»--Préface de la deuxième édition. Données de catalogage avant publication (Canada) imprimées dans cette publication.
5203 |aLa deuxième édition [...] constitue une version revue et augmentée de la première édition de cette table parue en 1976. Celle-ci a remplacé beaucoup de systèmes de classification du type Library of Congress utilisés par les bibliothèques canadiennes pour classer l'information dans le domaine de l'histoire du Canada.--Préface de la deuxième édition
590 |a12-17-Supp|b2012-04-20
77508|tClass FC : |w(CaOODSP)9.695953
85640|ahttp://publications.gc.ca|qPDF|s42 Ko|uhttps://publications.gc.ca/collections/Collection/SN3-61-1994-1F.pdf